Les films de François Truffaut - Statistiques

Statistiques générales
  • Ce quiz a été pris 124 fois
  • Le résultat moyen est 11 sur 22
Statistiques - réponses
Année Film % Correct
1959 Les 400 coups
94%
1980 Le Dernier Métro
81%
1973 La Nuit américaine
69%
1962 Jules et Jim
66%
1968 Baisers volés
63%
1981 La Femme d'à côté
63%
1983 Vivement dimanche !
62%
1979 L'Amour en fuite
56%
1970 Domicile conjugal
54%
1968 La mariée était en noir
53%
1970 L'Enfant sauvage
47%
1960 Tirez sur le pianiste
47%
1964 La Peau douce
46%
1969 La Sirène du Mississipi
46%
1977 L'Homme qui aimait les femmes
45%
1978 La Chambre verte
44%
1966 Fahrenheit 451
40%
1975 L'Histoire d'Adèle H.
40%
1971 Les Deux Anglaises et le Continent
38%
1976 L'Argent de poche
36%
1972 Une belle fille comme moi
21%
1961, (co-réal) Tire-au-flanc 62
4%
Aucun quiz correspondant
Distribution des résultats
% des personnes avec chaque résultat
Percentile par nombre de réponses
Votre historique - résultats
Vous n’avez pas pris ce quiz